LEADER 02383nam 2200349 450 001 9910729786103321 005 20230728211301.0 035 $a(CKB)4960000000468984 035 $a(NjHacI)994960000000468984 035 $a(EXLCZ)994960000000468984 100 $a20230728d2023 uy 0 101 0 $aeng 135 $aur||||||||||| 181 $ctxt$2rdacontent 182 $cc$2rdamedia 183 $acr$2rdacarrier 200 00$aComplex Dynamic System Modelling, Identification and Control /$fQuanmin Zhu and [four others], editors 210 1$aBasel :$cMDPI - Multidisciplinary Digital Publishing Institute,$d2023. 215 $a1 online resource (352 pages) 311 $a3-0365-7660-6 320 $aIncludes bibliographical references. 330 $aThe study of complex dynamic systems has become increasingly important in recent years due to its wide range of applications in fields such as engineering, physics, economics, and biology. These systems are characterized by their interconnectedness, nonlinearities, and feedback loops, which make them difficult to understand and control. As a result, there has been growing interest in developing tools and techniques for the modelling, identification, and control of complex dynamic systems. The aim of this reprint is to provide an overview of the state-of-the-art methods for the modelling, identification, and control of complex dynamic systems. This reprint covers a wide range of topics, including system identification, model-based control, adaptive control, nonlinear control, and predictive control. It also includes case studies and examples from different fields to demonstrate the practical application of these methods. This reprint is intended for researchers, graduate students, and practitioners in the field of control systems. It assumes a basic understanding of linear systems theory, calculus, and linear algebra. Overall, this reprint provides a comprehensive and up-to-date overview of the methods for the modelling, identification, and control of complex dynamic systems. 606 $aSystem identification 615 0$aSystem identification. 676 $a003 702 $aZhu$b Quanmin 801 0$bNjHacI 801 1$bNjHacl 906 $aBOOK 912 $a9910729786103321 996 $aComplex Dynamic System Modelling, Identification and Control$93392021 997 $aUNINA LEADER 02837oam 22006255 450 001 9910778063503321 005 20200520144314.0 010 $a1-283-19648-4 010 $a9786613196484 010 $a0-8213-7681-0 024 7 $a10.1596/978-0-8213-7679-9 035 $a(CKB)1000000000774660 035 $a(EBL)459812 035 $a(OCoLC)429042093 035 $a(SSID)ssj0000090290 035 $a(PQKBManifestationID)11122119 035 $a(PQKBTitleCode)TC0000090290 035 $a(PQKBWorkID)10098681 035 $a(PQKB)11381489 035 $a(MiAaPQ)EBC459812 035 $a(Au-PeEL)EBL459812 035 $a(CaPaEBR)ebr10303335 035 $a(CaONFJC)MIL319648 035 $a(The World Bank)2009010795 035 $a(US-djbf)15666885 035 $a(EXLCZ)991000000000774660 100 $a20090319d2009 uy 0 101 0 $aeng 135 $aurcn||||||||| 181 $ctxt$2rdacontent 182 $cc$2rdamedia 183 $acr$2rdacarrier 200 04$aThe World Bank Group guarantee instruments 1990-2007 : $ean independent evaluation 210 1$aWashington DC :$cWorld Bank,$d[2009] 210 4$dcopyright 2009. 215 $axxxiii, 115 pages $cillustrations ;$d27 cm 300 $aDescription based upon print version of record. 311 $a0-8213-7679-9 320 $aIncludes bibliographical references. 327 $aContents; Abbreviations; Acknowledgments; Foreword; Executive Summary; Management Response; Chairperson's Summary: Committee on Development Effectiveness (CODE); Definitions; 1 World Bank Group Guarantee Instruments; Boxes; Figures; Tables; 2 Review of the WBG's Experience with Guarantees; 3 The Delivery of PRM Products across the WBG; 4 Recommendations; Appendixes; End notes; Bibliography 330 $aForeign direct investment and private capital flows are highly concentrated geographically, with almost half of them reaching the top five destinations. These flows tend to evade many high-risk countries, with the exception of those directed to extractive industries. Regulatory and contractual risks, particularly in infrastructure, have inhibited investments in many parts of the developing world. A core objective of the World Bank Group (WBG) has been to support the flow of private investment for development; guarantees and insurance have been among the instruments that the Group has used to p 410 0$aWorld Bank e-Library. 606 $aSurety and fidelity insurance 606 $aBank insurance 615 0$aSurety and fidelity insurance. 615 0$aBank insurance. 676 $a368.8 712 02$aWorld Bank. 801 0$bDLC 801 1$bDLC 801 2$bDLC 906 $aBOOK 912 $a9910778063503321 996 $aThe World Bank Group guarantee instruments 1990-2007$93762676 997 $aUNINA